| 000 | 00427pab a2200145 454500 | ||
|---|---|---|---|
| 008 | 180718b1983 xxu||||| |||| 00| 0 eng d | ||
| 100 | _aCorvalan - Vasquez, Oscar | ||
| 245 | _aVocational training of disadvantaged youth in developing countries | ||
| 260 | _c1983 | ||
| 300 | _a367-81 | ||
| 362 | _aMay-June | ||
| 650 | _aVocational Education - Underdeveloped Areas | ||
| 773 | _aInternational Labour Review | ||
| 909 | _a20310 | ||
| 999 |
_c20310 _d20310 |
||